<?xml version="1.0" encoding="UTF-8"?>
<record
    xmlns:xsi="http://www.w3.org/2001/XMLSchema-instance"
    xsi:schemaLocation="http://www.loc.gov/MARC21/slim http://www.loc.gov/standards/marcxml/schema/MARC21slim.xsd"
    xmlns="http://www.loc.gov/MARC21/slim">

  <leader>03616nam a2200541Ia 4500</leader>
  <controlfield tag="001">3479</controlfield>
  <controlfield tag="008">241029s9999    xx            000 0 und d</controlfield>
  <datafield tag="010" ind1=" " ind2=" ">
    <subfield code="a">3261</subfield>
  </datafield>
  <datafield tag="041" ind1=" " ind2=" ">
    <subfield code="a">Espa&#xF1;ol</subfield>
  </datafield>
  <datafield tag="082" ind1=" " ind2=" ">
    <subfield code="a">ST MA-ES 0006 FH 2002.</subfield>
  </datafield>
  <datafield tag="245" ind1=" " ind2="0">
    <subfield code="a">Uso de Medios Educativos en la Escuela de Pedagog&#xED;a de la Universidad Aut&#xF3;noma de Santo Domingo UASD</subfield>
  </datafield>
  <datafield tag="260" ind1=" " ind2=" ">
    <subfield code="a">Santo Domingo</subfield>
  </datafield>
  <datafield tag="300" ind1=" " ind2=" ">
    <subfield code="a">127</subfield>
  </datafield>
  <datafield tag="520" ind1=" " ind2=" ">
    <subfield code="a">19</subfield>
  </datafield>
  <datafield tag="630" ind1=" " ind2=" ">
    <subfield code="a">Pedagog&#xED;a</subfield>
  </datafield>
  <datafield tag="650" ind1=" " ind2=" ">
    <subfield code="a">Metodolog&#xED;a</subfield>
  </datafield>
  <datafield tag="690" ind1=" " ind2=" ">
    <subfield code="a">Elaborado</subfield>
  </datafield>
  <datafield tag="700" ind1=" " ind2=" ">
    <subfield code="e">asesor</subfield>
    <subfield code="a"> D&#xED;az., Guillermo</subfield>
  </datafield>
  <datafield tag="700" ind1=" " ind2=" ">
    <subfield code="e">autor</subfield>
    <subfield code="a"> Morillo Morillo, Rosario Antonia</subfield>
  </datafield>
  <datafield tag="700" ind1=" " ind2=" ">
    <subfield code="e">autor</subfield>
    <subfield code="a">Reinoso Rojas, Melba Mar&#xED;a </subfield>
  </datafield>
  <datafield tag="700" ind1=" " ind2=" ">
    <subfield code="e">asesor</subfield>
    <subfield code="a">Mart&#xED;nez, Cesar Amado </subfield>
  </datafield>
  <datafield tag="901" ind1=" " ind2=" ">
    <subfield code="a">{"1":" Morillo Morillo","2":"Reinoso Rojas"}</subfield>
    <subfield code="b">{"1":"Rosario Antonia","2":"Melba Mar&#xED;a "}</subfield>
  </datafield>
  <datafield tag="902" ind1=" " ind2=" ">
    <subfield code="a">2</subfield>
  </datafield>
  <datafield tag="903" ind1=" " ind2=" ">
    <subfield code="a">{"1":"Mart&#xED;nez","2":" D&#xED;az."}</subfield>
    <subfield code="b">{"1":"Cesar Amado ","2":"Guillermo"}</subfield>
  </datafield>
  <datafield tag="904" ind1=" " ind2=" ">
    <subfield code="a">Maestr&#xED;a en</subfield>
  </datafield>
  <datafield tag="905" ind1=" " ind2=" ">
    <subfield code="a">Ense&#xF1;anza Superior</subfield>
  </datafield>
  <datafield tag="906" ind1=" " ind2=" ">
    <subfield code="a">2</subfield>
  </datafield>
  <datafield tag="907" ind1=" " ind2=" ">
    <subfield code="a">NO APLICA</subfield>
  </datafield>
  <datafield tag="908" ind1=" " ind2=" ">
    <subfield code="a">NO APLICA</subfield>
  </datafield>
  <datafield tag="909" ind1=" " ind2=" ">
    <subfield code="a">Universidad Aut&#xF3;noma de Santo Domingo (UASD)</subfield>
  </datafield>
  <datafield tag="910" ind1=" " ind2=" ">
    <subfield code="a">NULL</subfield>
    <subfield code="b">NULL</subfield>
  </datafield>
  <datafield tag="911" ind1=" " ind2=" ">
    <subfield code="a">["1"]</subfield>
  </datafield>
  <datafield tag="912" ind1=" " ind2=" ">
    <subfield code="a">NO APLICA</subfield>
  </datafield>
  <datafield tag="913" ind1=" " ind2=" ">
    <subfield code="a">NULL</subfield>
  </datafield>
  <datafield tag="914" ind1=" " ind2=" ">
    <subfield code="a">04 de Noviembre de 2002</subfield>
  </datafield>
  <datafield tag="915" ind1=" " ind2=" ">
    <subfield code="a">NULL</subfield>
  </datafield>
  <datafield tag="916" ind1=" " ind2=" ">
    <subfield code="a">NULL</subfield>
  </datafield>
  <datafield tag="917" ind1=" " ind2=" ">
    <subfield code="a">NULL</subfield>
  </datafield>
  <datafield tag="918" ind1=" " ind2=" ">
    <subfield code="a">NO APLICA</subfield>
  </datafield>
  <datafield tag="919" ind1=" " ind2=" ">
    <subfield code="a">["153"]</subfield>
  </datafield>
  <datafield tag="520" ind1=" " ind2=" ">
    <subfield code="a">La literatura revisada para esta investigaci&#xF3;n indica que los medios educativos de ense&#xF1;anza como films, videos, diapositivas, im&#xE1;genes sonoras, medios inform&#xE1;ticos, transmisores de radio y televisi&#xF3;n, adquieren cada vez m&#xE1;s importancia en el proceso de ense&#xF1;anza-aprendizaje.El prop&#xF3;sito principal de este estudio fue determinar el uso de medios educativos hecho por los profesores de la Escuela de Pedagog&#xED;a de la UASD, en la sede central de esta instituci&#xF3;n. Tambi&#xE9;n como objetivo especifico, y verificar la formaci&#xF3;n acad&#xE9;mica de los formadores de docentes de la escuela de pedagog&#xED;a en lo que concierne al uso de medios educativos en la sede central de la UASD.La metodolog&#xED;a utilizada en esta investigaci&#xF3;n fue anal&#xED;tica, se aplicaron t&#xE9;cnicas tales como: la observaci&#xF3;n directa, an&#xE1;lisis documental, entrevistas y encuestas. Los instrumentos utilizaron fueron fichas, gu&#xED;a de entrevistas y cuestionarios de encuesta. Se trabajo con una muestra de 45 profesores y 100 estudiantes de las diferentes carreras.Los an&#xE1;lisis realizados indican que los medios educativos m&#xE1;s usados son: la voz tiza, pizarra, borrador, folletos y libros. Los 4 primeros son usados por el 100% de los profesores restantes por mas del 60% y los medios educativos menos usados son: redes inform&#xE1;ticas, proyectos digital, computadora, grabadora de audio y diapositiva (93.30 % nunca los ha usado) lo que demuestra que los medios educativos tecnol&#xF3;gicos modernos son los menos usados.El estudio recomienda que la Escuela Pedag&#xF3;gica de la UASD, adquiera los medios educativos que necesita a trav&#xE9;s de la dotaci&#xF3;n administrativa, donaciones sede entidades p&#xFA;blicas , de ONGs de empresas, de embajadas e instituciones internacionales y la formaci&#xF3;n de un equipo de t&#xE9;cnicos integrados por profesores de las c&#xE1;tedras de did&#xE1;ctica , teor&#xED;a pedag&#xF3;gica y planteamiento y planteamiento y supervisi&#xF3;n administrativa para que se encarguen de incentivar a los profesores de las distintas disciplinas en el uso y selecci&#xF3;n de medios educativos as&#xED; como de informar a los profesores los medios educativos que posee la escuela de pedagog&#xED;a.</subfield>
  </datafield>
  <datafield tag="921" ind1=" " ind2=" ">
    <subfield code="a">16</subfield>
  </datafield>
  <datafield tag="922" ind1=" " ind2=" ">
    <subfield code="a">16</subfield>
  </datafield>
  <datafield tag="923" ind1=" " ind2=" ">
    <subfield code="a">0</subfield>
  </datafield>
  <datafield tag="924" ind1=" " ind2=" ">
    <subfield code="a">NO APLICA</subfield>
  </datafield>
  <datafield tag="942" ind1=" " ind2=" ">
    <subfield code="c">Tesis</subfield>
  </datafield>
  <datafield tag="999" ind1=" " ind2=" ">
    <subfield code="c">3261</subfield>
    <subfield code="d">3261</subfield>
  </datafield>
</record>
